| 000 | 01172cam a22001938a 4500 | ||
|---|---|---|---|
| 999 |
_c5691 _d5691 |
||
| 020 | _a0534362958 (acidfree paper) | ||
| 022 | _a9780534362959 | ||
| 050 | 0 | 0 |
_aRC480.8 _b.T38 |
| 100 | 1 | _aTeyber, Edward. | |
| 245 | 1 | 0 |
_aInterpersonal process in psychotherapy : _ba relational approach / _cEdward Teyber. |
| 250 | _a4th ed. | ||
| 260 |
_aBelmont, Calif. : _bBrooks/Cole, _c1999. |
||
| 300 | _ap. cm. | ||
| 500 | _aIncludes bibliographical references and index | ||
| 505 | _apt. 1. An interpersonal process approach. 1. Introduction and overview -- pt. 2. Responding to clients. 2. Establishing a working alliance -- 3. Honoring the client's resistance -- 4. An internal focus for change -- 5. Responding to conflicted emotions -- pt. 3. Conceptualizing client dynamics. 6. Familial and developmental factors -- 7. Inflexible interpersonal coping strategies -- 8. Current interpersonal factors. pt. 4 Resolution and change 9. An interpersonal solution -- 10. Working through and termination -- Appendix A: Process notes -- Appendix B: Case formulation guidelines. | ||
| 650 | 0 | _aPsychotherapist and patient. | |
| 650 | 0 | _aPsychotherapy. | |
| 942 | _cBK | ||